000 00548nam a2200205Ia 4500
005 20250508151703.0
008 008 250505s9999 xx 000 0 eng d
037 _aTextual
040 _aFEDL
_beng
_cFEDL
041 _aeng
_2eng
084 _a155.4, ILG
_qFEDL
100 _aIlg Frances L.
245 0 _aChild behavior
260 _aLondon, UK
_bHamish Hamilton
_c1955
300 _axi,364p.
650 _aChild Psychology
700 _a Ames Louise Bates
_9759744
942 _cTEXL
_h155.4, ILG
999 _c1331440
_d1331440